000 00771nam a2200265 i 4500
001 C2-0271280
003 PPAK
005 20180728001320.0
008 060809s2006 my a|||| ||||| | eng d
020 _a9833363105 ; 9789833363100
040 _aPPAK
_beng
_cPPAK
_erda
082 0 4 _a032.02
_223
090 0 0 _a032.02
_bPLA
_dRK
245 0 0 _aPlants
264 1 _aKuala Lumpur :
_bCreative Educational Supplies ,
_c2006
300 _a32 pages :
_bcolour illustrations ;
_c27 cm
336 _2rdacontent
_atext
337 _2rdamedia
_aunmediated
338 _2rdacarrier
_avolume
490 1 _aChildren's encyclopedia
500 _aIncludes glossary
650 1 0 _aChildren's encyclopedias and dictionaries.
830 0 _aChildren's encyclopedia
942 _ddc
_cB
999 _c79582
_d79582